000 00576nam a2200205 4500
003 OSt
005 20240626070241.0
006 a
008 240626b |||||||| |||| 00| 0 eng d
020 _a9710870211
040 _aDWCL-Main lib.
_cOC
082 _aFil. 516.15 S686 2011
110 _aJonathan B. Cabero
245 _aSolid mensuration /
260 _a Mandaluyong City ;
_bNational Book Store,
_cc2011.
300 _avii,
_b114 p. : ill. ;
_c26 cm.
504 _aIncludes bibliographical references.
650 _a1. Geometry.
942 _2ddc
_n0
_cBK - FIL
_kFil.
999 _c1407
_d1407